90s Pop Hits - 100 Songs - Statistics

General Stats
  • This quiz has been taken 251 times
  • The average score is 32 of 100
Answer Stats
Hint Answer % Correct
Wonderwall Oasis
80%
My Name Is Eminem
76%
Vogue Madonna
75%
Come As You Are Nirvana
72%
Creep Radiohead
72%
No Scrubs TLC
72%
Under The Bridge Red Hot Chili Peppers
71%
I Will Always Love You Whitney Houston
71%
Gangsta's Paradise (ft. L.V.) Coolio
70%
Still Dre (ft. Snoop Dogg) Dr. Dre
69%
Iris The Goo Goo Dolls
68%
Basket Case Green Day
64%
Man! I Feel Like A Woman! Shania Twain
62%
MMMBop Hanson
59%
Kiss From A Rose Seal
59%
California Love 2Pac
58%
Friday I'm In Love The Cure
57%
Wanna Be Startin' Somethin' Michael Jackson
56%
You Oughta Know Alanis Morissette
55%
Nothing Compares 2 U Sinéad O'Connor
55%
Shiny Happy People R.E.M.
51%
Pretty Fly (For A White Guy) The Offspring
51%
Tubthumping Chumbawamba
50%
Smooth Operator Sade
50%
Believe Cher
47%
Miami Will Smith
47%
It's All Coming Back To Me Now Céline Dion
46%
Fantasy Mariah Carey
46%
Loser Beck
44%
What A Girl Wants Christina Aguilera
44%
2 Become 1 Spice Girls
43%
What's Up? 4 Non Blondes
40%
Torn Natalie Imbruglia
39%
Blue (Da Ba Dee) Eiffel 65
38%
Truly Madly Deeply Savage Garden
38%
Jump Around House Of Pain
36%
Whatta Man (ft. En Vogue) Salt-N-Pepa
35%
Kiss Me Sixpence None The Richer
35%
Stupid Girl Garbage
34%
Jumpin' Jumpin' Destiny's Child
33%
Ready Or Not Fugees
33%
Two Princes Spin Doctors
33%
Insane In The Brain Cypress Hill
32%
All The Things She Said t.A.T.u
31%
Santeria Sublime
30%
Walking On Broken Glass Annie Lennox
29%
X Gon' Give It To Ya DMX
28%
It's My Life No Doubt
28%
Country House Blur
27%
Breakfast At Tiffany's Deep Blue Something
27%
Dreams The Cranberries
27%
Black Velvet Alannah Myles
26%
No Rain Blind Melon
26%
Thank You Dido
26%
Fade Into You Mazzy Star
24%
Laid James
23%
Unbelievable EMF
22%
Jump Kriss Kross
22%
It Ain't Over 'Til It's Over Lenny Kravitz
22%
You Get What You Give New Radicals
22%
Brimful of Asha Cornershop
21%
Tom's Diner Suzanne Vega
21%
Pony Ginuwine
20%
Pure Shores All Saints
19%
Closer Nine Inch Nails
19%
Dancing In The Moonlight Toploader
19%
Malibu Hole
18%
Pump Up The Jam Technotronic
18%
Cornflake Girl Tori Amos
18%
Word Up Cameo
16%
How Bizarre OMC
16%
Alright Supergrass
16%
Beautiful Life Ace of Base
15%
Road Rage Catatonia
15%
Erase / Rewind The Cardigans
15%
Rotterdam (Or Anywhere) The Beautiful South
13%
Wake Up Boo! The Boo Radleys
13%
Body Movin' Beastie Boys
12%
The One And Only Chesney Hawkes
12%
Groove Is In The Heart Deee-Lite
12%
Here Comes The Hotstepper iNi Kamoze
12%
Ready To Go Republica
12%
Your Woman White Town
12%
Step On Happy Mondays
11%
Do You Remember The First Time? Pulp
11%
Scooby Snacks Fun Lovin' Criminals
10%
The Life Of Riley The Lightning Seeds
9%
Birdhouse In Your Soul They Might Be Giants
9%
Trash Suede
8%
The Riverboat Song Ocean Colour Scene
7%
Back To Life (ft. Caron Wheeler) Soul II Soul
7%
Fire Water Burn Bloodhound Gang
6%
Movin' On Up Primal Scream
6%
99 Problems (ft. Brother Marquis) ICE-T
4%
Sound of da Police KRS-One
4%
Is She Weird Pixies
4%
Down By The Water PJ Harvey
4%
One To Another The Charlatans
3%
Around The World (La La La La La) A Touch Of Class
2%
Evil That Men Do Queen Latifah
0%
No matching quizzes found
Score Distribution
Percent of People with Each Score
Percentile by Number Answered
Your Score History
You have not taken this quiz